| 000 | 00411nam a22001457a 4500 | ||
|---|---|---|---|
| 999 |
_c15348 _d15348 |
||
| 082 |
_a631.37 _bJOH/DE |
||
| 100 |
_aJOHN, JOHN M _93022 |
||
| 245 | _aDesign development and testing of an animal drawn dibbler for paddy | ||
| 260 |
_aTavanur _bKelappaji College of Agricultural Engineering and Technology _c1989 |
||
| 300 | _a126 | ||
| 500 | _athesis | ||
| 520 | _athesis | ||
| 650 |
_athesis _92982 |
||
| 942 | _cTH | ||